| 000 | 01048nam a2200277 i 4500 | ||
|---|---|---|---|
| 001 | 13722 | ||
| 003 | ES-MaACL | ||
| 005 | 20250903090550.0 | ||
| 007 | t| | ||
| 008 | 980610s1976 sp ||||1| spa d | ||
| 020 | _a84-369-0098-7 | ||
| 080 | _a39:069.538.7(462.21C.) | ||
| 080 | _a069.538.7(462.21 C.) | ||
| 110 | 2 |
_aMuseo de Cáceres. _95849 |
|
| 245 | 1 | 0 |
_aMuseo de Cáceres _b: sección de etnografía / _c[Redactado por María Angeles González Mena]. |
| 260 |
_aMadrid : _bMinisterio de Educación y Ciencia, Servicio de Publicaciones, _c[1976] |
||
| 300 |
_a394 p. : _bil. ; _c24 cm. |
||
| 490 | 1 |
_aMuseos de España. Catálogos ; _v4 |
|
| 610 | 2 | 7 |
_aMuseo de Cáceres. _bSección de Etnografía- _xCatálogos. _95850 |
| 651 | 4 |
_aCáceres- _xUsos y costumbres. _97912 |
|
| 700 | 1 |
_aGonzález Mena, María Angeles. _958803 |
|
| 710 | 1 |
_aEspaña. _bMinisterio de Educación y Ciencia. _93864 |
|
| 830 | 0 | 0 |
_aMuseos de España. _pCatálogos _v4 _9228453 |
| 852 |
_aES-MaACL _jL-21048 _bR.123470 |
||
| 999 |
_c13722 _d13722 |
||